000 01863cam a22002054a 4500
005 20250605164111.0
008 250528s ||||||||||||||||||||||||d
035 _a17896
020 _a415104556
040 _aGR-AtMCL
_bgre
_dGR-AtMCL
_eAACR2
245 1 _aCorporate Strategies in the Pacific Rim / Global Versus Regional Trends
260 _bRouledge,
_c1995
300 _a428
505 0 _aList of Tables and Figures, Introduction, The Evolving Global Economy: Macro versus Micro Forces, The Parameters of the Evolving Global Political Economy, Global Firms: Confronting the Imperatives of Globalization and Regionalization, New Strategic Challenges Facing the Global Company, Organizing Technical Activities Within the Globalizing Firm, Pacrim Firms: Structure and Strategy, Strategic Responses of Canadian Firms to Globalization, Strategic Responses of Taiwanese Firms to Globalization, Case Studies, Globalization of a Korean Firm: The Case of Samsung, The Globalization of Fujitsu, Joint Ventures Between US and Pacific Rim Firms: Problems and Prospects, Index.
520 _aList of Tables and Figures, Introduction, The Evolving Global Economy: Macro versus Micro Forces, The Parameters of the Evolving Global Political Economy, Global Firms: Confronting the Imperatives of Globalization and Regionalization, New Strategic Challenges Facing the Global Company, Organizing Technical Activities Within the Globalizing Firm, Pacrim Firms: Structure and Strategy, Strategic Responses of Canadian Firms to Globalization, Strategic Responses of Taiwanese Firms to Globalization, Case Studies, Globalization of a Korean Firm: The Case of Samsung, The Globalization of Fujitsu, Joint Ventures Between US and Pacific Rim Firms: Problems and Prospects, Index.
700 1 _aSimon Fred Denis
_94195
942 _cBK
999 _c3295
_d3295